Determinants of Economic Growth in the European Union Countries

Vzťah medzi vývojom finančného systému a ekonomickým rastom v krajinách Európskej únie. Skúmanie determinantov ekonomického rastu s použitím ukazovateľov finančného prístupu, efektívnosti, stability a hĺbky bankovo orientovaného finančného sektora. Vnímanie korupcie a konkurencieschopnosti krajín.

Na minha lista:
Detalhes bibliográficos
Autor principal: Zimková, Emília
Outros Autores: Vidiečanová, Michaela, Cisková, Petra
Formato: Capítulo de Livro
Idioma:inglês
Assuntos:
Tags: Adicionar Tag
Sem tags, seja o primeiro a adicionar uma tag!

MARC

LEADER 00000naa a2200000 4500
001 0280866
005 20220112090041.2
041 0 |a eng 
044 |a CZ 
245 1 0 |a Determinants of Economic Growth in the European Union Countries  |c Emília Zimková, Michaela Vidiečanová, Petra Cisková 
520 |a Vzťah medzi vývojom finančného systému a ekonomickým rastom v krajinách Európskej únie. Skúmanie determinantov ekonomického rastu s použitím ukazovateľov finančného prístupu, efektívnosti, stability a hĺbky bankovo orientovaného finančného sektora. Vnímanie korupcie a konkurencieschopnosti krajín. 
610 2 0 |a korupcia 
610 2 0 |a eurozóna 
610 2 0 |a konkurencieschopnosť 
610 2 0 |a Európska únia 
100 1 |a Zimková, Emília 
700 1 |a Vidiečanová, Michaela 
700 1 |a Cisková, Petra